Statistiken für Länder am Polarkreis

Klicken Sie hier um das Quiz zu spielen!

Allgemein

  • Dieses Quiz wurde 129 mal gespielt
  • Das Durchschnittsergebnis liegt bei 8 aus 8

Antwortstatistiken

KontinentLand% Korrekt
AmerikaKanada
100%
EuropaNorwegen
99%
EuropaSchweden
98%
EuropaFinnland
97%
EuropaIsland
96%
Amerikavereinigte Staaten von Amerika/ USA
96%
EuropaRussland
95%
AmerikaGrönland
78%

Verteilung der Resultate

Perzentil nach korrekt beantworteten Fragen

Anzahl Personen mit jedem Resultat

Ihre Resultats-Entwicklung

Sie haben dieses Quiz noch nicht gespielt